| 000 -CABECERA |
| Longitud fija campo de control |
00638nam a2200181 a 4500 |
| 001 - NÚMERO DE CONTROL |
| Número de control |
1644 |
| 003 - IDENTIFICADOR DEL NÚMERO DE CONTROL |
| Identificador del número de control |
CDMR |
| 005 - FECHA Y HORA DE LA ÚLTIMA TRANSACCIÓN |
| Fecha y hora de la última transacción |
20260515062531.0 |
| 008 - CÓDIGOS DE INFORMACIÓN DE LONGITUD FIJA |
| Códigos de información de longitud fija |
130130s1987||||||||||||||||||||||||||||d |
| 040 ## - FUENTE DE LA CATALOGACIÓN |
| Centro catalogador de origen |
CDMR |
| Lengua de catalogación |
cat |
| Centro transcriptor |
CDMR |
| 100 1# - PUNTO DE ACCESO PRINCIPAL-NOMBRE DE PERSONA |
| Nombre de persona |
Benito, Ángel |
| 9 (RLIN) |
631 |
| 245 10 - MENCIÓN DE TÍTULO |
| Título |
Información y nuevas tecnologías |
| Resto del título |
: lección magistral de inauguración del Centro Universitario de Ciencias de la Información |
| Mención de responsabilidad, etc. |
Ángel Benito |
| 260 ## - PUBLICACIÓN, DISTRIBUCIÓN, ETC. (PIE DE IMPRENTA) |
| Lugar de publicación, distribución, etc. |
Valencia |
| Fecha de publicación, distribución, etc. |
1987 |
| Nombre del editor, distribuidor, etc. |
Fundación Universitaria San Pablo CEU |
| 300 ## - DESCRIPCIÓN FÍSICA |
| Extensión |
34 p ; |
| Dimensiones |
21 cm |
| 650 04 - PUNTO DE ACCESO ADICIONAL DE MATERIA - TÉRMINO DE MATERIA |
| 9 (RLIN) |
1243 |
| Término de materia o nombre geográfico como elemento inicial |
Comunicació |
| Subdivisión de materia general |
Innovacions tecnològiques |
| 650 04 - PUNTO DE ACCESO ADICIONAL DE MATERIA - TÉRMINO DE MATERIA |
| 9 (RLIN) |
3364 |
| Término de materia o nombre geográfico como elemento inicial |
Tecnologia de la informació |
| 942 ## - ENTRADA DE ELEMENTOS AGREGADOS (KOHA) |
| Koha [por defecto] tipo de item |
Monografies |
| Fuente de clasificaión o esquema |
|